000 00295nam a2200121Ia 4500
008 190216s9999||||xx |||||||||||||| ||und||
100 _aRajalakshmi T A
245 0 _aOru Vazhiyum Kure Nizhalukalum
260 _bCurrent Books
_c1965
300 _a185p
650 _aMalayalam Novel
942 _cBK
999 _c27586
_d27586